Directivas circunstanciales de normas y preceptos reglamentarios adaptados a las exigencias de la actual campaña, relativos a los Mandos de Batallón, que han de servir como orientación en los cursos correspondientes / (Record no. 77849)

MARC details
000 -LEADER
campo de control de longitud fija 00789nam a2200181 i 4500
001 - NÚMERO DE CONTROL
campo de control 77849
003 - IDENTIFICADOR DE NÚMERO DE CONTROL
campo de control ES-MaACL
005 - FECHA Y HORA DE LA ÚLTIMA TRANSACCIÓN
campo de control 20230906173415.0
007 - CAMPO FIJO DE DESCRIPCIÓN FÍSICA--INFORMACIÓN GENERAL
campo de control de longitud fija t|
008 - DATOS DE LONGITUD FIJA--INFORMACIÓN GENERAL
campo de control de longitud fija 041111s1938 sp ||||1| spa d
080 ## - NÚMERO DE LA CLASIFICACIÓN DECIMAL UNIVERSAL
Número de la Clasificación Decimal Universal 355.41/.42
110 2# - ENTRADA PRINCIPAL--NOMBRE DE ENTIDAD CORPORATIVA
Nombre de entidad corporativa o nombre de jurisdicción como elemento de entrada España. Ejército de Tierra. Jefatura de Movilización, Instrucción y Recuperación.
9 (RLIN) 3798
245 10 - MENCIÓN DEL TÍTULO
Título Directivas circunstanciales de normas y preceptos reglamentarios adaptados a las exigencias de la actual campaña, relativos a los Mandos de Batallón, que han de servir como orientación en los cursos correspondientes /
Mención de responsabilidad, etc. Jefatura de Movilización, Instrucción y Recuperación.
260 ## - PUBLICACIÓN, DISTRIBUCIÓN, ETC.
Lugar de publicación, distribución, etc. Burgos :
Nombre del editor, distribuidor, etc. [s.n.],
Fecha de publicación, distribución, etc. 1938 (
Fabricante Aldecoa)
300 ## - DESCRIPCIÓN FÍSICA
Extensión 207 p. ;
Dimensiones 17 cm.
650 14 - PUNTO DE ACCESO ADICIONAL DE MATERIA--TÉRMINO DE MATERIA
Término de materia o nombre geográfico como elemento de entrada Táctica.
9 (RLIN) 17277
852 ## - LOCALIZACIÓN
Ubicación ES-MaACL
Número de control de estantería E-10333
Sublocalización o colección R.133644
Holdings
Estatus retirado Estado de pérdida Estado de daño No para préstamo Biblioteca de origen Biblioteca actual Ubicación en estantería Fecha de adquisición Fuente de adquisición Total de préstamos Signatura topográfica completa Código de barras Visto por última vez Precio de reemplazo Tipo de ítem Koha
        Biblioteca del Ateneo de Madrid Biblioteca del Ateneo de Madrid Depósito 2 17/01/2008     E-10333 1081444 23/02/2023 23/02/2023 Libro impreso